Vainqueurs Ligue Europa (C3) (1972-) - Statistiques

Statistiques générales
  • Ce quiz a été pris 133 fois
  • Le résultat moyen est 27 sur 52
Statistiques - réponses
Année Répondre % Correct
2006 Séville FC
96%
2007 Séville FC
96%
2014 Séville FC
96%
2015 Séville FC
96%
2016 Séville FC
96%
2020 Séville FC
96%
2023 Séville FC
96%
2017 Manchester United
83%
2010 Atlético de Madrid
78%
2012 Atlético de Madrid
78%
2018 Atlético de Madrid
78%
2013 Chelsea FC
73%
2019 Chelsea FC
73%
1991 Inter Milan
69%
1994 Inter Milan
69%
1998 Inter Milan
69%
1977 Juventus Turin
68%
1990 Juventus Turin
68%
1993 Juventus Turin
68%
1985 Real Madrid
67%
1986 Real Madrid
67%
1988 Bayer Leverkusen
66%
2021 Villareal CF
60%
2011 FC Porto
57%
1992 Ajax Amsterdam
55%
1973 Liverpool FC
55%
1976 Liverpool FC
55%
2001 Liverpool FC
55%
1980 Eintracht Francfort
50%
2022 Eintracht Francfort
50%
1996 Bayern Munich
48%
2004 Valence CF
47%
2003 FC Porto
42%
1972 Tottenham Hotspur
37%
1978 PSV Eindhoven
37%
1984 Tottenham Hotspur
37%
1974 Feyenoord Rotterdam
36%
2002 Feyenoord Rotterdam
36%
1989 SSC Naples
32%
1997 Schalke 04
21%
1995 Parme FC
19%
1999 Parme FC
19%
1983 RSC Anderlecht
18%
2008 Zénith Saint-Pétersbourg
17%
2000 Galatasaray
16%
2005 CSKA Moscou
14%
1975 Borussia Mönchengladbach
8%
1979 Borussia Mönchengladbach
8%
1982 IFK Göteborg
8%
1987 IFK Göteborg
8%
2009 Chakhtar Donetsk
5%
1981 Ipswich Town
1%
Aucun quiz correspondant
Distribution des résultats
% des personnes avec chaque résultat
Percentile par nombre de réponses
Votre historique - résultats
Vous n’avez pas pris ce quiz